000 006970000a22001930004500
090 _aAR
_b04532
100 1 _aHerrera, I.
_998512
700 1 _aNassar, J.M.
_998513
245 1 0 _aReproductive and recruitment traits as indicators of the invasive potential of Kalanchoe daigremontiana (Crassulaceae) and Stapelia gigantea (Apocynaceae) in a neotropical arid zone
041 0 _aInglés
650 1 4 _aEspecies invasoras
_9308
650 1 4 _aZonas áridas
_93658
650 1 4 _aBanco de semillas
_98061
650 1 4 _aEspecies exóticas
_993187
653 _eKalanchoe daigremontiana
653 _eStapelia gigantea
942 _cARTICULO
773 1 _tJournal of Arid Environments
_q978-986
_d2009
_g73
999 _c13632
_d13632